Statistics for Croatia 1998 squad

Click here to take the quiz!

General Stats

  • This quiz has been taken 930 times
  • The average score is 12 of 22

Answer Stats

Pos.ClubAnswer% Correct
FWReal MadridDavor Šuker
98%
MF(C)MilanZvonimir Boban
88%
MFCroatia ZagrebRobert Prosinečki
86%
GKCroatia ZagrebDražen Ladić
76%
DFReal BetisRobert Jarni
75%
DFEvertonSlaven Bilić
73%
FWValenciaGoran Vlaović
69%
MFNapoliAljoša Asanović
67%
DFDerby CountyIgor Štimac
67%
MFParmaMario Stanić
58%
DFCroatia ZagrebDario Šimić
56%
MFStuttgartZvonimir Soldo
52%
DFHajduk SplitIgor Tudor
44%
GKBeşiktaşMarijan Mrmić
37%
MFCroatia ZagrebKrunoslav Jurčić
36%
FWOsijekPetar Krpan
36%
MFCroatia ZagrebSilvio Marić
35%
DFBochumZoran Mamić
33%
DFCroatia ZagrebGoran Jurić
29%
GKHrvatski DragovoljacVladimir Vasilj
27%
MFHajduk SplitAnthony Šerić
23%
FWBastiaArdian Kozniku
22%

Score Distribution

Percentile by Number Answered

Percent of People with Each Score

Your Score History

You have not taken this quiz